[Event "San Sebastian op 32nd"]
[Site "San Sebastian"]
[Date "2009.04.10"]
[Round "8"]
[White "Cuenca Jimenez, Jose Fernando"]
[Black "Nava Pereda, Carlos"]
[Result "1-0"]
[WhiteElo "2426"]
[BlackElo "2296"]
[PlyCount "69"]
[EventDate "2009.04.04"]
[EventType "swiss"]
[EventRounds "9"]
[EventCountry "ESP"]
[SourceTitle "CBM 129 Extra"]
[Source "ChessBase"]
[SourceDate "2009.05.05"]
[SourceVersion "2"]
[SourceVersionDate "2009.05.20"]
[SourceQuality "1"]

1. Nf3 c5 2. c4 Nc6 3. d4 cxd4 4. Nxd4 e5 5. Nb5 a6 6. Nd6+ Bxd6 7. Qxd6 Qf6 8.
Qd1 Nge7 9. Nc3 O-O 10. g3 b5 11. Nd5 Nxd5 12. cxd5 Nd4 13. Bg2 Qg6 14. e4 b4
15. Be3 Qb6 16. Qd2 d6 17. O-O f5 18. Rfd1 fxe4 19. Bxd4 exd4 20. Qxd4 Qb5 21.
Bxe4 Bf5 22. Rac1 Bxe4 23. Qxe4 Rae8 24. Qd4 Re5 25. Rc6 Rfe8 26. Qc4 Qa4 27.
Rf1 Re4 28. Qxa6 Qxa6 29. Rxa6 Re2 30. b3 R8e5 31. Rc6 Rxa2 32. Rb6 Rxd5 33.
Rxb4 Rdd2 34. Rf4 Rab2 35. Re1 1-0

[Event "ESP-ch U26"]
[Site "La Pineda"]
[Date "2009.05.14"]
[Round "7"]
[White "Taboas Rodriguez, Daniel"]
[Black "Cuenca Jimenez, Jose Fernando"]
[Result "0-1"]
[WhiteElo "2370"]
[BlackElo "2426"]
[PlyCount "106"]
[EventDate "2009.05.12"]
[EventType "swiss"]
[EventRounds "9"]
[EventCountry "ESP"]
[SourceTitle "CBM 130 Extra"]
[Source "ChessBase"]
[SourceDate "2009.07.02"]
[SourceVersion "2"]
[SourceVersionDate "2009.07.15"]
[SourceQuality "1"]

1. d4 Nf6 2. Nf3 g6 3. c4 Bg7 4. Nc3 O-O 5. e4 d6 6. Be2 Na6 7. Bg5 Qe8 8. O-O
e5 9. Bxf6 Bxf6 10. c5 Bg7 11. Bxa6 bxa6 12. Nd5 Qd8 13. dxe5 dxe5 14. Qa4 Bg4
15. Qxa6 Kh8 16. Nd2 Be6 17. Qc6 Qg5 18. Nf3 Qh5 19. Ne3 Rae8 20. Rfe1 f5 21.
Nf1 f4 22. Qxc7 Bh3 23. gxh3 Qxf3 24. Qd7 Qh5 25. Qg4 Qh6 26. f3 g5 27. Rad1
Qc6 28. b4 a5 29. a3 Qa4 30. bxa5 Qxa5 31. Rc1 Rc8 32. Qg2 Rxc5 33. Qb2 Rb5 34.
Qc3 Qa4 35. Rb1 Ra5 36. Rb3 Raa8 37. Reb1 Rac8 38. Qb4 Qa7+ 39. Qb6 Qa4 40. Qb4
Qa7+ 41. Qb6 Qa4 42. Qb4 Qa7+ 43. Qb6 Qd7 44. Qf2 Qxh3 45. a4 Ra8 46. Ra3 g4
47. Qg2 Qh6 48. Qxg4 Rg8 49. a5 Bf8 50. Qxg8+ Kxg8 51. Ra2 Ra7 52. Rg2+ Kf7 53.
Rb6 Bc5+ 0-1

[Event "ESP-ch U26"]
[Site "La Pineda"]
[Date "2009.05.14"]
[Round "8"]
[White "Cuenca Jimenez, Jose Fernando"]
[Black "Rodriguez Guerrero, Enrique"]
[Result "1-0"]
[WhiteElo "2426"]
[BlackElo "2468"]
[PlyCount "109"]
[EventDate "2009.05.12"]
[EventType "swiss"]
[EventRounds "9"]
[EventCountry "ESP"]
[SourceTitle "CBM 130 Extra"]
[Source "ChessBase"]
[SourceDate "2009.07.02"]
[SourceVersion "2"]
[SourceVersionDate "2009.07.15"]
[SourceQuality "1"]

1. Nf3 c5 2. c4 Nc6 3. d4 cxd4 4. Nxd4 Nf6 5. Nc3 e6 6. a3 Be7 7. Nb3 b6 8. e4
Bb7 9. Be2 O-O 10. O-O Rc8 11. f4 d6 12. Be3 Nb8 13. Qd4 e5 14. Qd3 exf4 15.
Bxf4 Nc6 16. Qg3 Ne5 17. Rad1 Qe8 18. Nd2 Kh8 19. Kh1 Nfd7 20. Nb5 a6 21. Nd4
g6 22. N4f3 Bf6 23. Ng5 Kg7 24. Qh3 h6 25. Ngf3 h5 26. Qg3 Nc5 27. Nd4 Qd8 28.
Qe3 Kg8 29. b4 Ncd7 30. N4f3 Qe7 31. Nd4 Rfe8 32. Qg3 Kh7 33. Qh3 Kg8 34. Bxh5
Nxc4 35. Bg4 Nce5 36. Bxe5 Nxe5 37. Bxc8 Bxc8 38. Qg3 Bg7 39. N2f3 Nc4 40. Rfe1
Bb7 41. Nc2 Qf6 42. Ne3 Nxe3 43. Rxe3 Re6 44. Red3 Bf8 45. Nd2 Qb2 46. Nc4 Qc2
47. Nxd6 Bc6 48. R3d2 Qa4 49. Qf4 Re7 50. e5 Qb3 51. Qc4 Qe3 52. Qxc6 Qxe5 53.
Qc1 Rd7 54. Nc4 Rxd2 55. Nxe5 1-0

[Event "Malaga op 12th"]
[Site "Malaga"]
[Date "2009.07.11"]
[Round "1"]
[White "Cuenca Jimenez, Jose Fernando"]
[Black "Palomo Leon, Juan Antonio"]
[Result "1-0"]
[WhiteElo "2440"]
[BlackElo "1980"]
[PlyCount "67"]
[EventDate "2009.07.11"]
[EventType "swiss"]
[EventRounds "9"]
[EventCountry "ESP"]
[SourceTitle "CBM 131 Extra"]
[Source "ChessBase"]
[SourceDate "2009.09.03"]
[SourceVersion "2"]
[SourceVersionDate "2009.09.16"]
[SourceQuality "1"]

1. Nf3 d5 2. d4 Nf6 3. c4 e6 4. Nc3 c6 5. Qb3 dxc4 6. Qxc4 Be7 7. a4 O-O 8. e4
Nbd7 9. Be2 Nb6 10. Qb3 Qc7 11. Bg5 Ne8 12. a5 Bxg5 13. axb6 Qe7 14. Rxa7 Rb8
15. O-O c5 16. e5 cxd4 17. Ne4 f6 18. Nxd4 fxe5 19. Nc6 bxc6 20. Rxe7 Bxe7 21.
Rc1 Bd8 22. Rxc6 Bd7 23. Rc4 Rxb6 24. Qd3 Rf7 25. Rc8 Bc7 26. Rxc7 Nxc7 27. Ng5
Be8 28. Nxf7 Kxf7 29. Qxh7 Rxb2 30. Bh5+ Ke7 31. Qxg7+ Kd6 32. Qf8+ Kd5 33.
Qf3+ e4 34. Qd1+ 1-0

[Event "Malaga op 12th"]
[Site "Malaga"]
[Date "2009.07.12"]
[Round "2"]
[White "Eyo Castro Rial, Alberto"]
[Black "Cuenca Jimenez, Jose Fernando"]
[Result "0-1"]
[WhiteElo "2196"]
[BlackElo "2440"]
[PlyCount "66"]
[EventDate "2009.07.11"]
[EventType "swiss"]
[EventRounds "9"]
[EventCountry "ESP"]
[SourceTitle "CBM 131 Extra"]
[Source "ChessBase"]
[SourceDate "2009.09.03"]
[SourceVersion "2"]
[SourceVersionDate "2009.09.16"]
[SourceQuality "1"]

1. e4 d6 2. d4 Nf6 3. Bd3 e5 4. Nf3 Nc6 5. d5 Nb8 6. c4 Nbd7 7. Nc3 a5 8. O-O
g6 9. a3 Bg7 10. Rb1 O-O 11. b4 h6 12. Qc2 Nh5 13. Ne2 axb4 14. axb4 Ndf6 15.
Re1 Ne8 16. Nd2 f5 17. c5 f4 18. f3 g5 19. h3 Nhf6 20. b5 b6 21. cxb6 cxb6 22.
Bb2 h5 23. Ra1 Rb8 24. Nc4 Nd7 25. Ra7 g4 26. hxg4 hxg4 27. fxg4 Qh4 28. Rf1
Qxg4 29. Rf3 Rf6 30. Kf1 Rg6 31. Ng1 Nc5 32. Qf2 Bd7 33. Nd2 Nxd3 0-1

[Event "Malaga op 12th"]
[Site "Malaga"]
[Date "2009.07.12"]
[Round "3"]
[White "Cuenca Jimenez, Jose Fernando"]
[Black "Stefansson, Hannes"]
[Result "0-1"]
[WhiteElo "2440"]
[BlackElo "2580"]
[PlyCount "160"]
[EventDate "2009.07.11"]
[EventType "swiss"]
[EventRounds "9"]
[EventCountry "ESP"]
[SourceTitle "CBM 131 Extra"]
[Source "ChessBase"]
[SourceDate "2009.09.03"]
[SourceVersion "2"]
[SourceVersionDate "2009.09.16"]
[SourceQuality "1"]

1. Nf3 d5 2. d4 Nf6 3. c4 e6 4. Nc3 c6 5. Qb3 Nbd7 6. Bg5 Be7 7. e3 O-O 8. Bd3
b6 9. cxd5 cxd5 10. O-O Bb7 11. Rac1 a6 12. a4 Bd6 13. e4 dxe4 14. Bxe4 Qb8 15.
Bxb7 Qxb7 16. Rfe1 Rfe8 17. Ne5 Rac8 18. Rcd1 h6 19. Bxf6 Nxf6 20. Nc4 Qc7 21.
Nxd6 Qxd6 22. Ne4 Nxe4 23. Rxe4 Red8 24. Rde1 Qd5 25. Qxb6 Rc6 26. Qb4 Rc4 27.
Qd2 Rxa4 28. Qe2 Qb7 29. h3 Raxd4 30. Rxd4 Rxd4 31. Rd1 Qb5 32. Qc2 Rxd1+ 33.
Qxd1 a5 34. Qc2 Qb4 35. Qe2 Qc5 36. Qd2 Kh7 37. Qd3+ g6 38. Qd2 Kg7 39. Qd1 e5
40. Qd2 h5 41. Qd1 Qd4 42. Qc2 e4 43. Qb3 Qb4 44. Qc2 e3 45. fxe3 Qe1+ 46. Kh2
Qxe3 47. Kh1 Qe1+ 48. Kh2 Qe5+ 49. Kh1 g5 50. b3 g4 51. hxg4 hxg4 52. Kg1 g3
53. Kf1 Qf4+ 54. Ke1 Qe3+ 55. Kf1 Kf6 56. Qc6+ Kg5 57. Qd5+ Kg6 58. Qc6+ f6 59.
Qc2+ Kg5 60. Qa2 f5 61. Qb2 f4 62. Qg7+ Kf5 63. Qf7+ Ke5 64. Qc7+ Ke4 65. Qc4+
Qd4 66. Qe2+ Qe3 67. Qc4+ Qd4 68. Qe2+ Kd5 69. Qb5+ Qc5 70. Qd3+ Kc6 71. Qf3+
Qd5 72. Qc3+ Kb5 73. Qc2 Kb4 74. Ke1 Qe6+ 75. Kf1 Qxb3 76. Qd2+ Qc3 77. Qd6+
Kb3 78. Qd1+ Ka3 79. Qd6+ Kb2 80. Qb8+ Kc2 0-1

[Event "Malaga op 12th"]
[Site "Malaga"]
[Date "2009.07.13"]
[Round "4"]
[White "Cuenca Jimenez, Francisco Javier"]
[Black "Cuenca Jimenez, Jose Fernando"]
[Result "0-1"]
[WhiteElo "2174"]
[BlackElo "2440"]
[PlyCount "52"]
[EventDate "2009.07.11"]
[EventType "swiss"]
[EventRounds "9"]
[EventCountry "ESP"]
[SourceTitle "CBM 131 Extra"]
[Source "ChessBase"]
[SourceDate "2009.09.03"]
[SourceVersion "2"]
[SourceVersionDate "2009.09.16"]
[SourceQuality "1"]

1. g3 e5 2. c4 Nf6 3. Bg2 c6 4. d4 exd4 5. Qxd4 d5 6. cxd5 cxd5 7. Nf3 Nc6 8.
Qd1 Bc5 9. O-O O-O 10. Nbd2 Re8 11. Nb3 Bb6 12. Nfd4 h6 13. e3 Bg4 14. f3 Bd7
15. Re1 Ne5 16. a4 a6 17. a5 Ba7 18. Bd2 Nd3 19. Re2 Nxb2 20. Qb1 Nc4 21. Bc1
Rc8 22. Bf1 Qe7 23. Bd2 Qd6 24. Re1 Nxd2 25. Nxd2 Rxe3 26. Rxe3 Bxd4 0-1

[Event "Malaga op 12th"]
[Site "Malaga"]
[Date "2009.07.14"]
[Round "5"]
[White "Cuenca Jimenez, Jose Fernando"]
[Black "Bermejo Martinez, Jorge"]
[Result "1-0"]
[WhiteElo "2440"]
[BlackElo "2240"]
[PlyCount "57"]
[EventDate "2009.07.11"]
[EventType "swiss"]
[EventRounds "9"]
[EventCountry "ESP"]
[SourceTitle "CBM 131 Extra"]
[Source "ChessBase"]
[SourceDate "2009.09.03"]
[SourceVersion "2"]
[SourceVersionDate "2009.09.16"]
[SourceQuality "1"]

1. Nf3 Nf6 2. c4 Nc6 3. d4 e6 4. g3 Bb4+ 5. Bd2 Qe7 6. Bg2 O-O 7. O-O Bxd2 8.
Nbxd2 d5 9. e3 Rd8 10. a3 e5 11. cxd5 Nxd5 12. e4 Nf6 13. d5 Nb8 14. Re1 c6 15.
Qc2 Bg4 16. Nc4 Bxf3 17. Bxf3 b5 18. Ne3 c5 19. a4 b4 20. Nc4 Ne8 21. Rac1 Rc8
22. Qd2 h6 23. Bg4 Rd8 24. Qe3 Na6 25. Na5 Nf6 26. Be2 Rd6 27. Nc6 Qb7 28. Bxa6
Qxa6 29. Qxc5 1-0

[Event "Malaga op 12th"]
[Site "Malaga"]
[Date "2009.07.15"]
[Round "6"]
[White "Kurajica, Bojan"]
[Black "Cuenca Jimenez, Jose Fernando"]
[Result "1/2-1/2"]
[WhiteElo "2524"]
[BlackElo "2440"]
[PlyCount "140"]
[EventDate "2009.07.11"]
[EventType "swiss"]
[EventRounds "9"]
[EventCountry "ESP"]
[SourceTitle "CBM 131 Extra"]
[Source "ChessBase"]
[SourceDate "2009.09.03"]
[SourceVersion "2"]
[SourceVersionDate "2009.09.16"]
[SourceQuality "1"]

1. d4 d6 2. Nf3 Nf6 3. g3 g6 4. Bg2 Bg7 5. b3 O-O 6. Bb2 a5 7. O-O a4 8. Nc3
axb3 9. axb3 Rxa1 10. Qxa1 d5 11. Ne5 c6 12. Qa7 Nbd7 13. Nd3 Re8 14. Rd1 Qc7
15. Qa1 h5 16. Na4 e6 17. c4 Qa5 18. Nac5 Qxa1 19. Rxa1 Nxc5 20. Nxc5 Nd7 21.
Nxd7 Bxd7 22. Ra7 Bc8 23. e3 Bf8 24. c5 e5 25. f3 f5 26. b4 e4 27. f4 Re7 28.
Bf1 Kf7 29. b5 Ke6 30. Bc3 Bg7 31. Ba5 Rf7 32. Be2 Bf6 33. Ra8 Kd7 34. Bd1 cxb5
35. Bb3 Bd8 36. Bxd5 Rf8 37. Bb4 Rf6 38. Ra7 Ra6 39. c6+ Rxc6 40. Bxc6+ Kxc6
41. d5+ Kd7 42. Bc5 Kc7 43. Ra1 b6 44. Bb4 Kb7 45. Rc1 Bd7 46. Kf2 Bf6 47. Bd6
Bd8 48. Ke1 Be8 49. Be5 b4 50. d6 b3 51. Rc3 Ba4 52. Rc4 Bc6 53. Kd2 Bd5 54.
Rc1 b5 55. Rc5 Bc6 56. Bc3 Bd7 57. Bd4 Ba5+ 58. Kc1 Bb6 59. Rc3 Bd8 60. Rxb3
Kc6 61. Be5 Bb6 62. Kd2 Bc5 63. Rb1 Be6 64. Ra1 Kb7 65. Kc2 Bxe3 66. Kc3 Bc5
67. Ra5 Bd7 68. Ra1 Be6 69. Ra5 Bd7 70. Ra1 Be6 1/2-1/2

[Event "Malaga op 12th"]
[Site "Malaga"]
[Date "2009.07.16"]
[Round "7"]
[White "Cuenca Jimenez, Jose Fernando"]
[Black "Suba, Mihai"]
[Result "1/2-1/2"]
[WhiteElo "2440"]
[BlackElo "2540"]
[PlyCount "101"]
[EventDate "2009.07.11"]
[EventType "swiss"]
[EventRounds "9"]
[EventCountry "ESP"]
[SourceTitle "CBM 131 Extra"]
[Source "ChessBase"]
[SourceDate "2009.09.03"]
[SourceVersion "2"]
[SourceVersionDate "2009.09.16"]
[SourceQuality "1"]

1. e4 c5 2. Nf3 d6 3. d4 Nf6 4. Nc3 cxd4 5. Nxd4 e6 6. g4 h6 7. h3 Nc6 8. Be3
a6 9. f4 Qc7 10. Qd2 Bd7 11. O-O-O b5 12. Bxb5 axb5 13. Ndxb5 Qb8 14. Nxd6+
Bxd6 15. Qxd6 Qxd6 16. Rxd6 Ne7 17. Rhd1 Bc6 18. Bb6 Nd7 19. Bd4 O-O 20. Rxd7
Bxd7 21. Bc5 Bc6 22. Bxe7 Rfc8 23. Rd3 f5 24. gxf5 exf5 25. exf5 Ra7 26. f6 Kf7
27. Bc5 Rd7 28. fxg7 Rxd3 29. cxd3 Bd7 30. Bf8 Bxh3 31. g8=Q+ Kxg8 32. Bxh6 Rd8
33. Kc2 Bf1 34. Bg5 Bxd3+ 35. Kd2 Rd7 36. Bf6 Bf5+ 37. Ke2 Kf7 38. Be5 Ke6 39.
b4 Bd3+ 40. Ke3 Bc4 41. b5 Kf5 42. b6 Rd3+ 43. Kf2 Ba6 44. Nb5 Bxb5 45. b7 Rd2+
46. Ke1 Rd8 47. b8=Q Rxb8 48. Bxb8 Ke6 49. Kd2 Kd7 50. Kc3 Kc8 51. Be5 1/2-1/2

[Event "Malaga op 12th"]
[Site "Malaga"]
[Date "2009.07.17"]
[Round "8"]
[White "Rivas Pastor, Manuel"]
[Black "Cuenca Jimenez, Jose Fernando"]
[Result "1-0"]
[WhiteElo "2525"]
[BlackElo "2440"]
[PlyCount "63"]
[EventDate "2009.07.11"]
[EventType "swiss"]
[EventRounds "9"]
[EventCountry "ESP"]
[SourceTitle "CBM 131 Extra"]
[Source "ChessBase"]
[SourceDate "2009.09.03"]
[SourceVersion "2"]
[SourceVersionDate "2009.09.16"]
[SourceQuality "1"]

1. e4 d6 2. d4 Nf6 3. Bd3 e5 4. c3 d5 5. dxe5 Nxe4 6. Nf3 Nc5 7. Bc2 Bg4 8. O-O
Nc6 9. Re1 Qd7 10. b4 Ne6 11. Nbd2 a5 12. b5 Ne7 13. a4 Bf5 14. Ba3 g6 15. Nd4
Nxd4 16. cxd4 Bg4 17. f3 Be6 18. Nb3 b6 19. Qd2 Bg7 20. Bd3 O-O 21. Rac1 f5 22.
Rc3 Ra7 23. Rec1 Re8 24. R1c2 Rb7 25. Nc1 Rc8 26. Ne2 Ra7 27. Qc1 Rb7 28. Rc6
Bf7 29. e6 Bxe6 30. Qe3 Kf7 31. Nf4 Bh6 32. Rxe6 1-0

[Event "Malaga op 12th"]
[Site "Malaga"]
[Date "2009.07.18"]
[Round "9"]
[White "Cuenca Jimenez, Jose Fernando"]
[Black "Jessel, Stephen"]
[Result "1-0"]
[WhiteElo "2440"]
[BlackElo "2275"]
[PlyCount "120"]
[EventDate "2009.07.11"]
[EventType "swiss"]
[EventRounds "9"]
[EventCountry "ESP"]
[SourceTitle "CBM 131 Extra"]
[Source "ChessBase"]
[SourceDate "2009.09.03"]
[SourceVersion "2"]
[SourceVersionDate "2009.09.16"]
[SourceQuality "1"]

1. Nf3 d5 2. d4 e6 3. c4 c6 4. Nc3 Nf6 5. Qb3 dxc4 6. Qxc4 b5 7. Qd3 Nbd7 8. a3
Bb7 9. e4 b4 10. axb4 Bxb4 11. e5 Nd5 12. Bd2 Be7 13. Nxd5 cxd5 14. Qb5 Qb6 15.
Ba5 Qxb5 16. Bxb5 a6 17. Ba4 Rc8 18. Ke2 Bc6 19. Rhc1 Nb8 20. Bxc6+ Rxc6 21.
Rxc6 Nxc6 22. Bc3 Nb8 23. Ne1 Kd7 24. f4 Rc8 25. Nc2 h5 26. g3 g6 27. h3 Kc6
28. Ne3 Kb5 29. Kd3 Nc6 30. Rf1 Rh8 31. Rf2 Ka4 32. Rf1 Kb3 33. Ra1 Ra8 34. g4
hxg4 35. hxg4 Nb4+ 36. Kd2 Na2 37. Rh1 Nxc3 38. bxc3 Kb2 39. Nd1+ Ka2 40. Rh7
Rf8 41. Kc1 a5 42. Rh2+ Ka3 43. Nb2 Rc8 44. Kc2 Ka2 45. Rh7 Bb4 46. Nd1 Rc7 47.
f5 gxf5 48. gxf5 exf5 49. Kd3 Ba3 50. Ne3 Bb2 51. Nxd5 Rc8 52. Rxf7 a4 53. Rxf5
Kb3 54. Rf7 Rb8 55. Ra7 a3 56. Nf4 Bxc3 57. Ne2 Bb2 58. e6 Re8 59. Rb7+ Ka2 60.
e7 Ra8 1-0

[Event "ESP-ch 74th"]
[Site "Palma de Mallorca"]
[Date "2009.09.26"]
[Round "1"]
[White "Cuenca Jimenez, Jose Fernando"]
[Black "Sarto Ramos, Angel"]
[Result "1-0"]
[WhiteElo "2460"]
[BlackElo "2037"]
[PlyCount "69"]
[EventDate "2009.09.26"]
[EventType "swiss"]
[EventRounds "9"]
[EventCountry "ESP"]
[SourceTitle "CBM 132 Extra"]
[Source "ChessBase"]
[SourceDate "2009.11.03"]
[SourceVersion "1"]
[SourceVersionDate "2009.11.03"]
[SourceQuality "1"]

1. Nf3 Nf6 2. c4 c5 3. Nc3 g6 4. g3 Bg7 5. Bg2 O-O 6. d4 cxd4 7. Nxd4 Nc6 8.
O-O a6 9. h3 Qc7 10. Bg5 e6 11. Rc1 Qe5 12. Nf3 Qb8 13. a4 h6 14. Bf4 e5 15.
Be3 d6 16. Qd2 Kh7 17. Rfd1 Be6 18. b3 Rd8 19. Bb6 Rd7 20. e4 Ne7 21. Ne1 Nh5
22. Nc2 f5 23. exf5 gxf5 24. Nd5 Nxd5 25. Bxd5 Qg8 26. Qe2 Nf6 27. Bxe6 Qxe6
28. Nd4 Qf7 29. Nxf5 Bf8 30. Ne3 Qe6 31. Qc2+ e4 32. Nd5 Nh5 33. Rd4 Qxh3 34.
Rxe4 Nxg3 35. Re7+ 1-0

[Event "ESP-ch 74th"]
[Site "Palma de Mallorca"]
[Date "2009.09.27"]
[Round "2"]
[White "Cuenca Jimenez, Francisco Javier"]
[Black "Cuenca Jimenez, Jose Fernando"]
[Result "0-1"]
[WhiteElo "2189"]
[BlackElo "2460"]
[PlyCount "78"]
[EventDate "2009.09.26"]
[EventType "swiss"]
[EventRounds "9"]
[EventCountry "ESP"]
[SourceTitle "CBM 132 Extra"]
[Source "ChessBase"]
[SourceDate "2009.11.03"]
[SourceVersion "1"]
[SourceVersionDate "2009.11.03"]
[SourceQuality "1"]

1. e4 e5 2. Nc3 Bc5 3. Bc4 Nf6 4. d3 O-O 5. Bg5 c6 6. Qf3 Be7 7. Nge2 d6 8. h3
b5 9. Bb3 Nbd7 10. Ng3 Nc5 11. Nf5 Bxf5 12. Qxf5 a5 13. Bxf6 Bxf6 14. a4 b4 15.
Ne2 Nxb3 16. cxb3 g6 17. Qf3 Qe7 18. O-O c5 19. g4 Bg5 20. Ng3 Qe6 21. Qd1 h5
22. f3 Be3+ 23. Kg2 h4 24. Ne2 d5 25. Qc2 Rad8 26. Rad1 Rd7 27. Ng1 Qd6 28.
Rfe1 Bg5 29. Ne2 Rfd8 30. Ng1 Qc6 31. Ne2 dxe4 32. dxe4 Rd2 33. Rxd2 Rxd2 34.
Qc4 Qd6 35. Qb5 Qd3 36. Qxd3 Rxd3 37. Nc1 Rd2+ 38. Re2 Rd1 39. Rc2 Rxc1 0-1

[Event "ESP-ch 74th"]
[Site "Palma de Mallorca"]
[Date "2009.09.28"]
[Round "3"]
[White "Cuenca Jimenez, Jose Fernando"]
[Black "Garcia Ortega Mendez, Jose Manuel"]
[Result "1/2-1/2"]
[WhiteElo "2460"]
[BlackElo "2277"]
[PlyCount "119"]
[EventDate "2009.09.26"]
[EventType "swiss"]
[EventRounds "9"]
[EventCountry "ESP"]
[SourceTitle "CBM 132 Extra"]
[Source "ChessBase"]
[SourceDate "2009.11.03"]
[SourceVersion "1"]
[SourceVersionDate "2009.11.03"]
[SourceQuality "1"]

1. Nf3 e6 2. c4 Nf6 3. Nc3 d5 4. d4 Be7 5. Bg5 O-O 6. e3 h6 7. Bh4 Ne4 8. Bxe7
Qxe7 9. Rc1 c6 10. Bd3 Nxc3 11. Rxc3 Nd7 12. cxd5 exd5 13. O-O Re8 14. Qb1 a5
15. a3 Nf6 16. Ne5 Ng4 17. f4 Qh4 18. Bh7+ Kf8 19. h3 Nxe5 20. fxe5 Bxh3 21.
Bf5 Bxf5 22. Qxf5 Qe7 23. Qh7 Qe6 24. Rc2 Ke7 25. Qxg7 Rg8 26. Qf6+ Qxf6 27.
Rxf6 Rg6 28. Rcf2 Rxf6 29. Rxf6 Ra6 30. Rf2 Rb6 31. Rc2 f6 32. exf6+ Kxf6 33.
Kf2 Kg5 34. Kf3 Rb3 35. Rc5 a4 36. Ra5 Rxb2 37. Rxa4 h5 38. Ra8 Rb1 39. a4 Rf1+
40. Ke2 Rb1 41. a5 Kg4 42. Rg8+ Kf5 43. Rb8 Rb5 44. Kf3 Rxa5 45. Rxb7 c5 46.
Rf7+ Kg6 47. Rf4 cxd4 48. Rxd4 Kg5 49. Rb4 Rc5 50. Rb8 Rc6 51. Rg8+ Kh6 52. Kf4
Re6 53. Rg3 Re8 54. Kf5 h4 55. Rh3 Re4 56. g4 Kg7 57. g5 Ra4 58. Rh1 Re4 59.
Ra1 Re7 60. Rh1 1/2-1/2

[Event "ESP-ch 74th"]
[Site "Palma de Mallorca"]
[Date "2009.09.30"]
[Round "5"]
[White "Cuenca Jimenez, Jose Fernando"]
[Black "Sabater Sanchez, Asensio"]
[Result "1-0"]
[WhiteElo "2460"]
[BlackElo "2211"]
[PlyCount "61"]
[EventDate "2009.09.26"]
[EventType "swiss"]
[EventRounds "9"]
[EventCountry "ESP"]
[SourceTitle "CBM 132 Extra"]
[Source "ChessBase"]
[SourceDate "2009.11.03"]
[SourceVersion "1"]
[SourceVersionDate "2009.11.03"]
[SourceQuality "1"]

1. e4 e5 2. Nf3 Nc6 3. Bb5 Nge7 4. O-O g6 5. c3 Bg7 6. d4 exd4 7. cxd4 a6 8.
Ba4 b5 9. Bb3 O-O 10. d5 Na5 11. Nc3 d6 12. Nd4 Nxb3 13. axb3 Bb7 14. Bf4 h6
15. Qd2 Kh7 16. b4 Qd7 17. Rad1 Rae8 18. Be3 Qd8 19. Nce2 Bc8 20. Nf4 Bd7 21.
Rc1 Qb8 22. Rc2 Rc8 23. Rfc1 Qb7 24. Nb3 Rfd8 25. Na5 Qb8 26. Bd4 Kg8 27. Bxg7
Kxg7 28. Qd4+ f6 29. Nc6 Nxc6 30. dxc6 Bg4 31. h3 1-0

[Event "ESP-ch 74th"]
[Site "Palma de Mallorca"]
[Date "2009.10.01"]
[Round "6"]
[White "Vassallo Barroche, Mauricio"]
[Black "Cuenca Jimenez, Jose Fernando"]
[Result "1-0"]
[WhiteElo "2411"]
[BlackElo "2460"]
[PlyCount "99"]
[EventDate "2009.09.26"]
[EventType "swiss"]
[EventRounds "9"]
[EventCountry "ESP"]
[SourceTitle "CBM 132 Extra"]
[Source "ChessBase"]
[SourceDate "2009.11.03"]
[SourceVersion "1"]
[SourceVersionDate "2009.11.03"]
[SourceQuality "1"]

1. g3 g6 2. Bg2 Bg7 3. d4 d5 4. Nf3 Nf6 5. O-O O-O 6. c4 dxc4 7. Na3 Nc6 8.
Nxc4 Be6 9. b3 Bd5 10. e3 a5 11. a4 Qb8 12. Nfe5 Bxg2 13. Kxg2 Nxe5 14. dxe5
Rd8 15. Qf3 Nd7 16. Bb2 c6 17. Rfd1 Qc7 18. Qe4 Nc5 19. Qc2 Ne6 20. Rxd8+ Qxd8
21. Rd1 Qc7 22. f4 b5 23. Nd2 Qb6 24. Kf2 Rd8 25. Ba3 c5 26. Nf3 Rxd1 27. Qxd1
b4 28. Bb2 c4 29. bxc4 Qc6 30. Nd4 Qxc4 31. Qb3 Qc8 32. Nxe6 fxe6 33. g4 Kf8
34. Bd4 Qc6 35. h4 Ke8 36. f5 gxf5 37. gxf5 Kf7 38. Kg3 Bh6 39. Kf2 Kg7 40. f6+
exf6 41. exf6+ Kg8 42. Qd3 Qb7 43. Qc4 Kf7 44. Qc5 Bf8 45. Qxa5 b3 46. Qh5+ Kg8
47. a5 Qd7 48. a6 e5 49. f7+ Qxf7+ 50. Qxf7+ 1-0

[Event "ESP-ch 74th"]
[Site "Palma de Mallorca"]
[Date "2009.10.02"]
[Round "7"]
[White "Cuenca Jimenez, Jose Fernando"]
[Black "Planas Gene, Juan"]
[Result "1-0"]
[WhiteElo "2460"]
[BlackElo "2130"]
[PlyCount "31"]
[EventDate "2009.09.26"]
[EventType "swiss"]
[EventRounds "9"]
[EventCountry "ESP"]
[SourceTitle "CBM 132 Extra"]
[Source "ChessBase"]
[SourceDate "2009.11.03"]
[SourceVersion "1"]
[SourceVersionDate "2009.11.03"]
[SourceQuality "1"]

1. e4 e5 2. Nf3 Nf6 3. Nxe5 d6 4. Nf3 Nxe4 5. c4 c6 6. Nc3 Nxc3 7. dxc3 Be7 8.
Bf4 Be6 9. Nd4 Na6 10. Nxe6 fxe6 11. Qg4 Qd7 12. Qxg7 O-O-O 13. O-O-O Rdg8 14.
Qd4 c5 15. Qd3 Kc7 16. Be5 1-0

[Event "ESP-ch 74th"]
[Site "Palma de Mallorca"]
[Date "2009.10.03"]
[Round "8"]
[White "Cuenca Jimenez, Jose Fernando"]
[Black "Narciso Dublan, Marc"]
[Result "1-0"]
[WhiteElo "2460"]
[BlackElo "2533"]
[PlyCount "83"]
[EventDate "2009.09.26"]
[EventType "swiss"]
[EventRounds "9"]
[EventCountry "ESP"]
[SourceTitle "CBM 132 Extra"]
[Source "ChessBase"]
[SourceDate "2009.11.03"]
[SourceVersion "1"]
[SourceVersionDate "2009.11.03"]
[SourceQuality "1"]
[WhiteTeam "Aragon"]
[BlackTeam "Catalunya"]
[WhiteTeamCountry "ESP"]
[BlackTeamCountry "ESP"]

1. Nf3 Nf6 2. c4 c5 3. Nc3 e6 4. g3 b6 5. Bg2 Bb7 6. O-O Be7 7. d4 cxd4 8. Qxd4
Nc6 9. Qf4 O-O 10. e4 d6 11. Rd1 Qb8 12. b3 Rd8 13. Bb2 a6 14. Rd2 Ra7 15. Rad1
h6 16. Ba3 Ne8 17. b4 Rc8 18. Qe3 Nf6 19. h3 Nd7 20. Na4 b5 21. Nb2 Nde5 22.
Nxe5 Nxe5 23. c5 dxc5 24. bxc5 Bc6 25. Bb4 Be8 26. Rc2 a5 27. Be1 b4 28. Kh2
Rac7 29. Rdc1 Qb5 30. a4 Qa6 31. f4 Nd7 32. Nd3 Nb6 33. Bxb4 axb4 34. Nxb4 Qxa4
35. cxb6 Rxc2 36. Nxc2 Rxc2 37. b7 Rb2 38. e5 Kh7 39. Kh1 g6 40. Qe4 Qb3 41.
Rc8 Qd1+ 42. Kh2 1-0